Normal view
MARC view
- METEROLOGY- POPULAR WORKS.WEATHER- POPULAR WORKS
Entry Topical Term
001 - CONTROL NUMBER
- control field: 63990
003 - CONTROL NUMBER IDENTIFIER
- control field: NUST
005 - DATE AND TIME OF LATEST TRANSACTION
- control field: 20210628203216.0
008 - FIXED-LENGTH DATA ELEMENTS
- fixed length control field: 210628|| aca||aabn | a|a d
040 ## - CATALOGING SOURCE
- Original cataloging agency: NUST
- Transcribing agency: NUST
150 ## - HEADING--TOPICAL TERM
- Topical term or geographic name entry element: METEROLOGY- POPULAR WORKS.WEATHER- POPULAR WORKS
670 ## - SOURCE DATA FOUND
- Source citation: Work cat.: (NUST): Gibilisco, Stan 2372, Meteorology demystified, a self teaching guide, 2006
